| 000 | 00606nam a2200181Ia 4500 | ||
|---|---|---|---|
| 003 | OSt | ||
| 005 | 20260108100851.0 | ||
| 008 | 210210b1960 xxu||||| |||| 00| 0 eng d | ||
| 040 | _cAL | ||
| 041 | _aKannada | ||
| 082 | _a859/1228 | ||
| 100 |
_aBELAGALI (Du Nim) _9146431 _dದು. ನಿಂ. ಬೆಳಗಲಿ (ದುರದುಂಡೀಶ್ವರ ನಿಂಗಪ್ಪ ಬೆಳಗಲಿ) |
||
| 245 |
_aHattu hedeya havu: _bಹತ್ತು ಹೆಡೆಯ ಹಾವು |
||
| 260 |
_aDharavada _bPratibha Granthamale _c1960 |
||
| 690 |
_aKannada Fiction _9146432 |
||
| 906 | _a021968 | ||
| 942 |
_2ddc _cBK |
||
| 999 |
_c146074 _d146074 |
||